000 00281nam a2200133Ia 4500
100 _aDynalog micro system
942 _cBK
654 _amanual
245 _aMF Star 85:Users manual
260 _bDynalog Micro system
_aMumbai
300 _a83
546 _aENGLISH
999 _c25577
_d25577